000 00782cab a2200253 4500
001 WB3119-12
008 090401t1995 xxu||||| |||| 00| 0 eng d
035 _a(Sirsi) u70513
041 _aeng
245 _aTown halls go shopping for finance
260 _c1995
350 _a0
490 _aIndependent
_v17 May 1995, 28(1)
520 _aLocal authorities are expressing interest in PFI schemes to revitalise city centres, for example Coventry and Hastings.
650 _aLOCAL AUTHORITIES
650 _aPFI
650 _aPRIVATE FINANCE INITIATIVES
650 _aPRIVATE SECTOR
650 _aPUBLIC SECTOR
650 _aURBAN REGENERATION
690 _aPROPERTY-COMMERCIAL PROPERTY-COMMERCIAL PROPERTY FINANCE AND INVESTMENT
942 _n0
948 _c04/03/1997
999 _c44357
_d44357